000 00713nam a2200253Ia 4500
003 OSt
005 20221006142400.0
006 a|||||r|||| 00| 0
007 ta
008 221006b |||||||| |||| 00| 0 eng d
020 _a0253307104
_c290.25
024 _a6,231
037 _cTextual
040 _aEASL
_cEASL
_beng
041 _2eng
_aeng
082 _aO42,3x, M4
100 _aMAYER Fanny Hagin Tr.
_9647568
245 0 _aAncient tales in modern Japan
_b An anothology of Japanese folk tales
260 _aIndiana
_bIndiana University Press
_c1984
300 _a360p.
_ccm.
490 _v JEL
942 _hO42,3x, M4
_cTEXL
_2CC
999 _c1074317
_d1074317